Fundamentals of compressible fluid dynamics / (Record no. 13349)
[ view plain ]
| 000 -LEADER | |
|---|---|
| fixed length control field | 00455cam a2200169ua 4500 |
| 041 ## - LANGUAGE CODE | |
| Language code of text/sound track or separate title | eng |
| 082 ## - DEWEY DECIMAL CLASSIFICATION NUMBER | |
| Classification number | 532.02 |
| Item number | BAL/FU |
| 100 ## - MAIN ENTRY--AUTHOR NAME | |
| Personal name | Balachandran, P . |
| 245 ## - TITLE STATEMENT | |
| Title | Fundamentals of compressible fluid dynamics / |
| 260 ## - PUBLICATION, DISTRIBUTION, ETC. (IMPRINT) | |
| Place of publication | New Delhi : |
| Name of publisher | Prentice Hall of India Pvt Ltd. , |
| Year of publication | 2006. |
| 300 ## - PHYSICAL DESCRIPTION | |
| Number of Pages | 576 ; . |
| 942 ## - ADDED ENTRY ELEMENTS (KOHA) | |
| Koha item type | Books |
| Withdrawn status | Lost status | Damaged status | Home library | Current library | Date acquired | Full call number | Accession Number | Koha item type |
|---|---|---|---|---|---|---|---|---|
| KAUAET | KAUAET | 07/04/2012 | 532.02 BAL/FU | 21781 | Books |
